000 00313nam a22001337a 4500
008 181203b xxu||||| |||| 00| 0 eng d
020 _a9780131907454
041 _aeng
080 _23rd
_a579
100 _a11
101 _aMIK
245 _aMicrobiology Principles & Applications
_cBlack,J.G
942 _2udc
_cBK
999 _c52740
_d52740